| 000 | 00648nam a2200205 i 4500 | ||
|---|---|---|---|
| 001 | 128301 | ||
| 003 | ES-MaACL | ||
| 005 | 20250717013401.0 | ||
| 007 | t| | ||
| 008 | 070628s1958 sp ||||1| spa d | ||
| 080 | _a821.133.1 Zola, Émile 1.06 | ||
| 100 | 1 |
_aZola, Émile, _d1840-1902 _9118331 |
|
| 245 | 1 | 0 |
_aEnsayos ante una traducción, "Ensueño" / _cJ. Barcala. |
| 260 |
_aMadrid : _b[s.n., _c1958] ( _fDiana Artes Gráfs.) |
||
| 300 |
_a561 p. ; _c19 cm. |
||
| 600 | 1 | 4 |
_aZola, Émile, _d1840-1902- _xCrítica e interpretación _9172591 |
| 700 | 1 |
_aBarcala, J. _925494 |
|
| 852 | 4 |
_aES-MaACL _jC-15117 |
|
| 999 |
_c128301 _d128301 |
||